Algebra for college students (Record no. 15798)
[ view plain ]
| 000 -LEADER | |
|---|---|
| fixed length control field | 00533nam a22002057a 4500 |
| 003 - CONTROL NUMBER IDENTIFIER | |
| control field | OSt |
| 005 - DATE AND TIME OF LATEST TRANSACTION | |
| control field | 20140310182753.0 |
| 008 - FIXED-LENGTH DATA ELEMENTS--GENERAL INFORMATION | |
| fixed length control field | 130204t xxu||||| |||| 00| 0 eng d |
| 020 ## - INTERNATIONAL STANDARD BOOK NUMBER | |
| International Standard Book Number | 9812448802 |
| 050 ## - LIBRARY OF CONGRESS CALL NUMBER | |
| Classification number | QA 154.3 |
| Item number | .L693 2005 |
| 082 ## - DEWEY DECIMAL CLASSIFICATION NUMBER | |
| Classification number | M 512 |
| Item number | L61 2005 |
| 245 ## - TITLE STATEMENT | |
| Title | Algebra for college students |
| Statement of responsibility, etc | Lial, Margaret L. |
| 260 ## - PUBLICATION, DISTRIBUTION, ETC. (IMPRINT) | |
| Place of publication, distribution, etc | Boston |
| Name of publisher, distributor, etc | Addison-Wesley |
| Date of publication, distribution, etc | 2012 |
| 300 ## - PHYSICAL DESCRIPTION | |
| Extent | 854, [58] p. |
| Dimensions | 29 cm. |
| 521 ## - TARGET AUDIENCE NOTE | |
| Target audience note | |
| 526 ## - STUDY PROGRAM INFORMATION NOTE | |
| Reading level | 1210L-1700L |
| 541 ## - IMMEDIATE SOURCE OF ACQUISITION NOTE | |
| -- | 1 |
| 562 ## - COPY AND VERSION IDENTIFICATION NOTE | |
| Number of copies | 9 |
| 942 ## - ADDED ENTRY ELEMENTS (KOHA) | |
| Source of classification or shelving scheme | Library of Congress Classification |
| Koha item type | Books |
| Call number suffix | M |
| Withdrawn status | Lost status | Source of classification or shelving scheme | Damaged status | Home library | Current library | Shelving location | Date acquired | Source of acquisition | Total Checkouts | Full call number | Barcode | Date last seen | Copy number | Price effective from | Koha item type |
|---|---|---|---|---|---|---|---|---|---|---|---|---|---|---|---|
| Library of Congress Classification | Archives | Archives | 02/04/2013 | Donation | QA 154.3 .L693 2005 | C7376 | 05/15/2018 | 1 | 02/04/2013 | Books | |||||
| Library of Congress Classification | Archives | Archives | 05/20/2013 | Donation | QA 154.3 .L693 2005 | C10892 | 05/15/2018 | 2 | 05/20/2013 | Books | |||||
| Library of Congress Classification | Archives | Archives | 05/20/2013 | Donation | QA 154.3 .L693 2005 | C9459 | 05/15/2018 | 3 | 05/20/2013 | Books | |||||
| Library of Congress Classification | Archives | Archives | 05/20/2013 | Donation | QA 154.3 .L693 2005 | C7377 | 05/15/2018 | 4 | 05/20/2013 | Books | |||||
| Library of Congress Classification | Archives | Archives | 05/20/2013 | Donation | QA 154.3 .L693 2005 | C7378 | 05/15/2018 | 5 | 05/20/2013 | Books | |||||
| Library of Congress Classification | Archives | Archives | 05/20/2013 | Donation | QA 154.3 .L693 2005 | C7379 | 05/15/2018 | 6 | 05/20/2013 | Books | |||||
| Library of Congress Classification | Archives | Archives | 05/20/2013 | Donation | QA 154.3 .L693 2005 | C7375 | 05/15/2018 | 7 | 05/20/2013 | Books | |||||
| Library of Congress Classification | Archives | Archives | 05/20/2013 | Donation | QA 154.3 .L693 2005 | C9458 | 05/15/2018 | 8 | 05/20/2013 | Books | |||||
| Library of Congress Classification | Archives | Archives | 05/20/2013 | Donation | QA 154.3 .L693 2005 | C9457 | 05/15/2018 | 9 | 05/20/2013 | Books |